| 000 | 00786cab a2200241 4500 | ||
|---|---|---|---|
| 001 | WB2905-10 | ||
| 008 | 090401t1993 xxu||||| |||| 00| 0 eng d | ||
| 035 | _a(Sirsi) u42914 | ||
| 041 | _aeng | ||
| 245 | _aLabour proposes free double glazing | ||
| 260 | _c1993 | ||
| 350 | _a0 | ||
| 490 |
_aGuardian _v2 February 1993, 6(1) |
||
| 520 | _aInsulation, draught proofing and double glazing would be offered free to householders under a Labour plan to improve energy efficiency, which would also create 50,000 jobs. | ||
| 650 | _aDOUBLE GLAZING | ||
| 650 | _aDRAUGHT PROOFING | ||
| 650 | _aENERGY CONSERVATION | ||
| 650 | _aENERGY EFFICIENCY | ||
| 650 | _aLABOUR PARTY POLICY | ||
| 690 | _aBUILDING AND CONSTRUCTION-ENERGY CONSERVATION | ||
| 942 | _n0 | ||
| 948 | _c04/03/1997 | ||
| 999 |
_c27446 _d27446 |
||